C Footballers who have won PL - Statistics

General Stats
  • This quiz has been taken 25 times
  • The average score is 8 of 19
Answer Stats
Years Answer % Correct
1996,1997,1999,2000,2001 Cole
91%
2002,2004,2010 Cole
91%
2005,2006,2010 Cole
91%
2015,2017 Costa
64%
2006,2008,2009,2011,2013 Carrick
59%
2005,2006,2010,2015 Cech
59%
2015,2017 Cahill
55%
1993,1994,1996,1997 Cantona
55%
2015,2017 Courtois
55%
2002,2004 Campbell
36%
2004,2012,2014 Clichy
36%
2017 Chalobah
23%
2003 Carroll
18%
2005,2006,2010 Carvalho
18%
2015 Cuadrado
18%
2013 Cleverley
14%
2001 Chadwick
9%
1997 Cruyff
9%
2006 Crespo
5%
No matching quizzes found
Score Distribution
Percent of People with Each Score
Percentile by Number Answered
Your Score History
You have not taken this quiz